| 000 | 00397nam a2200157Ia 4500 | ||
|---|---|---|---|
| 008 | 241127s9999||||xx |||||||||||||| ||und|| | ||
| 020 |
_a9780007755486 _c69.969.9 |
||
| 040 |
_beng _cSSK Library _erda |
||
| 082 | _a513.14/MET | ||
| 100 | _a Paul Metclaf | ||
| 245 | 0 | _aIgcse Mathematics For Edexcel | |
| 260 |
_b Collins _c©2006 |
||
| 942 |
_22ddc _cBOOK _nNo |
||
| 999 |
_c9126 _d9126 |
||
| 003 | OSt | ||
| 005 | 20241127152759.0 | ||